Presidential Middle Names Quiz Stats

 Plays Quiz Updated Jan 20, 2021

     
Support Sporcle.
Go Orange.
Score 0/28 Timer 06:00
2 Plays Today
President Middle Name % Correct
John AdamsQuincy
93.5%
Franklin RooseveltDelano
88.6%
William HarrisonHenry
87%
Harry TrumanS (just 'S')
81.2%
Donald TrumpJohn
79.5%
Barack ObamaHussein
79.3%
George BushWalker
78.8%
John KennedyFitzgerald
78.6%
George BushHerbert Walker
71.9%
Lyndon JohnsonBaines
71.2%
Dwight EisenhowerDavid
68.1%
Richard NixonMilhous
63.7%
William TaftHoward
63.6%
Bill ClintonJefferson
62.7%
President Middle Name % Correct
Joe BidenRobinette
51%
Ulysses GrantUlysses (Hiram Ulysses Grant)
47.7%
Ronald ReaganWilson
40.9%
Jimmy CarterEarl
38.1%
Chester ArthurAlan
35.2%
Calvin CoolidgeCalvin (John Calvin Coolidge, Jr.)
34.1%
Woodrow WilsonWoodrow (Thomas Woodrow Wilson)
32.8%
Grover ClevelandGrover (Stephen Grover Cleveland)
32.4%
James PolkKnox
31.3%
Gerald FordRudolph (born Leslie Lynch King, Jr.)
19.8%
Warren HardingGamaliel
17.4%
Rutherford HayesBirchard
15.6%
James GarfieldAbram
14.6%
Herbert HooverClark
13.2%

From the Vault

Easter on Stained-Glass Windows

by PrincessMartell

Okay but where's the Easter Bunny stained glass window?
Remove Ads.
Support Sporcle.
Get the best of Sporcle when you Go Orange. This ad-free experience offers more features, more stats, and more fun while also helping to support Sporcle. Thank you for becoming a member.

Show Comments

Extras

Top Quizzes Today


Score Distribution

Your Account Isn't Verified!

In order to create a playlist on Sporcle, you need to verify the email address you used during registration. Go to your Sporcle Settings to finish the process.

Report this User

Report this user for behavior that violates our Community Guidelines.

Details: